Systemy tramwajowe, lekkiej kolej i premetra w Niemczech - Statystyki

Ogólne statystyki
  • Ten quiz został rozwiązany 24 razy
  • Średni wynik to 29 z 60
Statystyki odpowiedzi
Land Miasto/Linia międzymiastowa % Poprawnych
Berlin Berlin
100%
Saksonia Drezno
94%
Hesja Frankfurt nad Menem
94%
Saksonia Lipsk
94%
Bawaria Monachium
94%
Bawaria Norymberga
94%
Nadrenia Północna-Westfalia Dortmund
88%
Nadrenia Północna-Westfalia Kolonia
88%
Nadrenia Północna-Westfalia Bonn
81%
Dolna Saksonia Hanower
81%
Badenia-Wirtembergia Stuttgart
81%
Brema Brema
75%
Nadrenia Północna-Westfalia Essen
75%
Brandenburgia Frankfurt nad Odrą
75%
Badenia-Wirtembergia Mannheim
75%
Bawaria Augsburg
69%
Turyngia Erfurt
69%
Turyngia Jena
69%
Nadrenia-Palatynat Moguncja
69%
Nadrenia Północna-Westfalia Bochum
63%
Saksonia Chemnitz
63%
Nadrenia Północna-Westfalia Duisburg
63%
Nadrenia Północna-Westfalia Düsseldorf
63%
Nadrenia Północna-Westfalia Gelsenkirchen
63%
Brandenburgia Poczdam
63%
Brandenburgia Chociebuż
56%
Meklemburgia-Pomorze Przednie Rostock
56%
Saksonia Zwickau
56%
Saksonia-Anhalt Halle
50%
Badenia-Wirtembergia Karlsruhe
50%
Nadrenia Północna-Westfalia Bielefeld
44%
Dolna Saksonia Brunszwik
44%
Turyngia Gera
44%
Badenia-Wirtembergia Heidelberg
44%
Hesja Kassel
44%
Saksonia-Anhalt Magdeburg
44%
Meklemburgia-Pomorze Przednie Schwerin
44%
Badenia-Wirtembergia Ulm
44%
Saksonia Görlitz
38%
Bawaria Würzburg
38%
Nadrenia Północna-Westfalia Krefeld
31%
Hesja Darmstadt
25%
Badenia-Wirtembergia Fryburg Bryzgowijski
25%
Turyngia Gotha
25%
Nadrenia Północna-Westfalia Herne
25%
Nadrenia Północna-Westfalia Oberhausen
25%
Saksonia Bad Schandau
19%
Brandenburgia Brandenburg an der Havel
19%
Saksonia-Anhalt Naumburg
19%
Turyngia Nordhausen
19%
Saksonia-Anhalt Halberstadt
13%
Nadrenia Północna-Westfalia Mülheim an der Ruhr
13%
Saksonia Plauen
13%
Saara/Lotaryngia(Francja) Saarbahn
13%
Nadrenia Północna-Westfalia Witten
13%
Nadrenia Północna-Westfalia Hattingen
6%
Nadrenia-Palatynat Ludwigshafen am Rhein
6%
Brandenburgia Strausberg
6%
Turyngia Waltershausen
0%
Badenia-Wirtembergia/Bazylea-Miasto (Szwajcaria) Weil am Rhein (Bazylea)
0%
Nie znaleziono quizów pasujących do podanych kryteriów
Rozkład punktacji
Procent ludzi z każdym wynikiem
Percentyl według liczby udzielonych odpowiedzi
Twoja historia wyników
Nie rozwiązałeś tego quizu